000 00797nam a2200229 i 4500
001 57780
003 ES-MaACL
005 20230906163640.0
007 t|
008 031017s1967 sp f |||| | spa d
100 1 _aDommergues, Pierre.
_945265
245 1 0 _aRetrato sociopolítico de los USA
_b: diálogos con 40 intelectuales americanos /
_cPierre Dommergues ; [traducción de Florentino Pérez].
260 _aBarcelona :
_bEdima,
_c1967.
300 _a524 p., 8 lám. ;
_c22 cm.
490 1 _aHistoria inmediata
650 4 _aEscritores norteamericanos-
_vEntrevistas.
_9167820
651 4 _aEstados Unidos-
_xSituación social-
_yS.XX.
_9164190
700 1 _aPérez, Florentino.
_990573
830 0 _aHistoria inmediata
_9177697
852 _aES-MaACL
_jC-33981
999 _c57780
_d57780